Preguntas sobre el Tíbet /
La presente constituye un entrevista sobre el Tibet, a partir del destacado trabajo del historiador Tsering Shakya quien discute los antecedentes de las recientes protestas (finales de 1980) acaecidos en esa región. Profundizando en ¿cuál ha sido la evolución de su cultura moderna y tradicional, baj...
保存先:
| 第一著者: | |
|---|---|
| フォーマット: | テキスト |
| 主題: | |
| タグ: |
タグ追加
タグなし, このレコードへの初めてのタグを付けませんか!
|
MARC
| LEADER | 00000 a a2200000 04500 | ||
|---|---|---|---|
| 001 | 10118 | ||
| 003 | |||
| 040 | |||
| 100 | |a Shakya, Tsering | ||
| 245 | |a Preguntas sobre el Tíbet / |c Tsering Shakya | ||
| 500 | |a El nombre del autor figura como: Tsering Shakya | ||
| 520 | |a La presente constituye un entrevista sobre el Tibet, a partir del destacado trabajo del historiador Tsering Shakya quien discute los antecedentes de las recientes protestas (finales de 1980) acaecidos en esa región. Profundizando en ¿cuál ha sido la evolución de su cultura moderna y tradicional, bajo el impacto del intensísimo desarrollo de la República Popular China y de sus reformas de mercado? | ||
| 590 | |a SJB/NOVIEMBRE2012 | ||
| 650 | |a 1.MOVIMIENTOS SOCIALES | ||
| 650 | |a 2.NACIONALISMO | ||
| 650 | |a 3.ASPECTOS ECONOMICOS | ||
| 650 | |a 4.ASPECTOS POLITICOS | ||
| 650 | |a 5.FACTORES CULTURALES | ||
| 650 | |a 6.ASPECTOS SOCIALES | ||
| 650 | |a 7.CHINA | ||
| 773 | |g número 51; páginas 5-24 | ||
| 999 | |c 26513 |d 26513 | ||
